000 00511nam a2200181Ia 4500
003 GCL
005 20240530103301.0
008 140319s9999 xx 000 0 ara d
040 _aGCL /
_cGCL
082 0 4 _a811.094
_bم ز
100 1 _aمحمود عبدالرحيم
245 1 0 _aزجال وشغلتى كمسارى /
_cمحمود عبدالرحيم
650 0 4 _aالشعر العربى
650 0 4 _aدواوين وقصائد
650 0 4 _aالشعر
650 0 4 _aالمجموعات
942 _2ddc
_cBK
999 _c38152
_d38152